03163nam a2200349 a 4500001001200000003000800012006001900020007001500039008004100054010001700095020003000112020002700142020002700169040002100196035002100217050002800238082001600266245013500282260005500417300002300472504005100495505182100546533015202367650002102519650003802540655002902578700002402607700002002631710001702651856012602668999001902794ebr10676624CaPaEBRm u cr cn|||||||||100114s2012 nyua sb 001 0 eng d z 2010001743 z9781616683276 (hardcover) z1616683279 (hardcover) z9781616683832 (e-book) aCaPaEBRcCaPaEBR a(OCoLC)83413673514aQH585.5.E48bE45 2012eb04a571.6/422200aElectroporation in laboratory and clinical investigationsh[electronic resource] /cEnrico P. Spugnini and Alfonso Baldi, editors. aNew York :bNova Science Publishers, Inc.,cc2012. avi, 342 p. :bill. aIncludes bibliographical references and index.0 aPhysics and mathematics of electroporation / Alessandro Porrello, Andrea Giansanti -- Technical aspects of electrochemotherapy / Ivan Dotsinsky, Nicolay Mudrov, Tsvetan Mudrov -- Non-thermal irreversible electroporation for tissue ablation / Paulo A. Garcia, Robert E. Neal II, Rafael V. Davalos -- Microfluidics for electroporation / Michelle Khine -- Mechanisms of microorganism inactivation by pulsed electric fields / Gintautas Saulis -- Electrochemical processes occuring during cell electromanipulation procedures / Gintautas Saulis -- Ultrastructural modifications induced by electroporation in vivo and in vitro / Agnese Molinari, Giuseppe Arancia, Enrico P Spugnini -- Electroporation in bacteria / Maria Papagianni -- Electroporation of plant cells / Aleandro Araya -- Anti-tumoral effects of pulsed low electric field enhanced chemotherapy : lessons from experimental malignant tumors / Yona Keisari, Rafi Korenstein -- Electrogenetherapy: electrogene transfer using low field strength / Feng Liu, Amber Frick, Jue Wang -- Electroporation : treating mice or men? / Angela M. Bodles-Brakhop, Ruxandra Draghia-Akli -- Electrochemotherapy in veterinary oncology part i : solid tumors / Enrico P. Spugnini, Gennaro Citro, Alfonso Baldi -- Electrochemotherapy in veterinary oncology part ii : round cell tumors / Enrico P. Spugnini, Alfonso Baldi, Gennaro Citro -- Histopathological analysis of canine and feline cancer treated with electrochemotherapy / Alfonso Baldi ... [et al.] -- Clinical application of electrochemotherapy : an adjunct to surgery / Mira Sadadcharam ... [et al.] -- Electroporation in chronic lymphocytic leukemia / Femke Van Bockstaele ... [et al.] -- Future developments in electroporation : recombinant clostridia as viable and targeted tumour therapeutics / Tam H Nguyen ... [et al.]. aElectronic reproduction.bPalo Alto, Calif. :cebrary,d2013.nAvailable via World Wide Web.nAccess may be limited to ebrary affiliated libraries. 0aElectroporation. 0aElectroporationxTherapeutic use. 7aElectronic books.2local1 aSpugnini, Enrico P.1 aBaldi, Alfonso.2 aebrary, Inc.40uhttp://site.ebrary.com/lib/rucke/Doc?id=10676624zAn electronic book accessible through the World Wide Web; click to view c166375d166375